00478nam a2200193 a 4500001001300000003000900013005001700022008004100039020001000080082001600090100002000106245002700126260004000153300000900193500003500202505001100237650001600248700002000264nice12345678IN_TiNIC20260116014244.0050524s2004 hyda grp 000 0 urd  ac20000a297.7bHUS2 aHusain, Murtaza aIman Ka Qurani Tasawur aHyderabadbHussami Book Depotc2004 a339p aincludes index and biblioraphy2 arawna~ aDawah-Islam1 aHusain, Murtaza